Atlas de anatomía con correlación clínica : tomo 2 :

Guardado en:
Autor Principal: Fritsch, Helga
Otros Autores: Kuhnel, Wolfgang
Formato: Libro
Publicado: Madrid : Médica Panamericana, 2008
Edición:9a. ed.
Materias:
Etiquetas: Agregar Etiqueta
Sin Etiquetas, Sea el primero en etiquetar este registro!
LEADER 00843nam a22002055a 4500
001 CEM.cems017502
005 20110505102847.0
008 130507s2008##################000#0#####d
003 CEMS
020 |a 9788498351262 
082 0 4 |a 611 
100 1 |a Fritsch, Helga 
245 1 0 |a Atlas de anatomía con correlación clínica :  |b tomo 2 :  |c Helga Fritsch y Wolfgang Kuhnel 
250 |a 9a. ed. 
260 |a Madrid :  |b Médica Panamericana,  |c 2008 
300 |a 450 p. 
505 0 |a Aparato cardiovascular -- Aparato respiratorio -- Aparato digestivo -- Aparato urinario -- Aparato reproductor masculino -- Aparato reproductor femenino -- Embarazo y desarrollo humano -- Sistema endocrino -- Sistema hemolinfático -- Piel 
653 |a Anatomía humana 
700 1 |a Kuhnel, Wolfgang 
859 |a CEMS  |b BIB. CEMS - Agricultura  |h 611  |i F918a9  |p A1305.11  |t Ej.1  |v 2  |3 2